[Event "Panevezys op-B"]
[Site "Panevezys"]
[Date "2017.07.04"]
[Round "2"]
[White "Petraitis, Gintautas"]
[Black "Petersons, Ojars"]
[Result "0-1"]
[WhiteElo "1925"]
[BlackElo "1699"]
[PlyCount "116"]
[EventDate "2017.07.03"]
[EventType "swiss"]
[EventRounds "9"]
[EventCountry "LTU"]
[SourceTitle "EXT 2018"]
[Source "ChessBase"]
[SourceDate "2017.10.13"]
[SourceVersion "1"]
[SourceVersionDate "2017.10.13"]
[SourceQuality "1"]

1. e4 e5 2. Nf3 Nc6 3. Bc4 Bc5 4. c3 Nf6 5. d4 exd4 6. cxd4 Bb4+ 7. Bd2 Bxd2+ 8. Nbxd2 d5 9. exd5 Nxd5 10. Qb3 Na5 11. Qa4+ Nc6 12. 0-0 0-0 13. Bxd5 Qxd5 14. Rad1 Bg4 15. Qb3 Bxf3 16. Nxf3 Qxb3 17. axb3 Rad8 18. Rd2 Nb4 19. g3 f6 20. Rfd1 Nd5 21. h4 Rfe8 22. Kf1 Re6 23. Re2 Rde8 24. Rde1 Rxe2 25. Rxe2 Rxe2 26. Kxe2 Kf7 27. Kd3 Ke6 28. Ke4 c6 29. Nd2 g6 30. Nc4 b6 31. f3 h5 32. Nd2 f5+ 33. Kd3 Nb4+ 34. Ke3 Nd5+ 35. Kd3 Nb4+ 36. Ke3 Nd5+ 37. Kd3 b5 38. Nf1 Nb4+ 39. Kd2 Nd5 40. Kd3 a5 41. Nd2 Nb4+ 42. Kc3 Kd5 43. Nf1 Na2+ 44. Kd3 Nc1+ 45. Ke3 Nxb3 46. Kf4 Ke6 47. Ke3 a4 48. Kd3 Nc1+ 49. Kd2 Na2 50. Ke3 Nb4 51. Nd2 Nd5+ 52. Kd3 Kd6 53. Ke2 c5 54. dxc5+ Kxc5 55. Kd3 b4 56. Nf1 a3 57. bxa3 bxa3 58. Kc2 Kc4 0-1

[Event "Panevezys op-B"]
[Site "Panevezys"]
[Date "2017.07.03"]
[Round "1"]
[White "Petersons, Ojars"]
[Black "Andrusaitis, Antanas"]
[Result "1-0"]
[WhiteElo "1699"]
[BlackElo "1437"]
[PlyCount "83"]
[EventDate "2017.07.03"]
[EventType "swiss"]
[EventRounds "9"]
[EventCountry "LTU"]
[SourceTitle "EXT 2018"]
[Source "ChessBase"]
[SourceDate "2017.10.13"]
[SourceVersion "1"]
[SourceVersionDate "2017.10.13"]
[SourceQuality "1"]

1. Nf3 d6 2. d4 e6 3. g3 h6 4. Bg2 Nf6 5. Nc3 a6 6. e4 Be7 7. Be3 Nh7 8. e5 d5 9. h4 Nd7 10. a3 c5 11. Ne2 cxd4 12. Nexd4 0-0 13. Qd2 Qc7 14. Bf4 Re8 15. 0-0 Nhf8 16. h5 Nh7 17. Rfe1 Qd8 18. b4 Nb6 19. Qe2 Ng5 20. Nd2 Qc7 21. Rac1 Qc3 22. Qd3 Qc7 23. c4 Qd8 24. c5 Nd7 25. N2b3 Nh7 26. Na5 Nb8 27. Be3 Bg5 28. f4 Be7 29. c6 bxc6 30. Naxc6 Nxc6 31. Nxc6 Qd7 32. Nxe7+ Qxe7 33. Bc5 Qb7 34. Qd4 Bd7 35. Rc3 Rac8 36. Rec1 Bb5 37. Qd1 Nf8 38. a4 Bc6 39. a5 Nd7 40. Bd6 Nb8 41. Bxb8 Qxb8 42. Rxc6 1-0

[Event "Wch Seniors 50 26th"]
[Site "Marianske Lazne"]
[Date "2016.11.27"]
[Round "8"]
[White "Petersons, Ojars"]
[Black "Koblizek, Lubomir"]
[Result "1-0"]
[WhiteElo "1704"]
[BlackElo "1811"]
[PlyCount "85"]
[EventDate "2016.11.19"]
[EventType "swiss"]
[EventRounds "11"]
[EventCountry "CZE"]
[SourceTitle "CBM 175 Extra"]
[Source "ChessBase"]
[SourceDate "2016.12.12"]
[SourceVersion "1"]
[SourceVersionDate "2016.12.12"]
[SourceQuality "1"]

1. e4 d6 2. g3 e5 3. c4 g6 4. Bg2 Bg7 5. Nc3 Ne7 6. Nge2 0-0 7. 0-0 Bg4 8. h3 Be6 9. d3 Nbc6 10. f4 Qd7 11. Kh2 Rad8 12. Rb1 Nd4 13. Nxd4 exd4 14. Nd5 f5 15. Nxe7+ Qxe7 16. exf5 Rxf5 17. g4 Rf7 18. Bxb7 d5 19. Bxd5 Bxd5 20. cxd5 Rxd5 21. Bd2 Qd6 22. Kg2 Rb5 23. Qf3 c5 24. b3 g5 25. f5 h6 26. Rbe1 Qd7 27. Re2 Bf6 28. Rfe1 Rb7 29. Re6 Rb6 30. Qe4 Kg7 31. Re2 Rb7 32. Be1 Qd8 33. Bg3 Rbe7 34. Qc6 Qb6 35. Qxb6 axb6 36. Rxe7 Rxe7 37. Rxe7+ Bxe7 38. Kf3 Kf7 39. a4 Bd8 40. Ke4 Ke7 41. Kd5 Kd7 42. Be5 Kc8 43. Ke6 1-0

[Event "Wch Seniors 50 26th"]
[Site "Marianske Lazne"]
[Date "2016.11.23"]
[Round "5"]
[White "Petersons, Ojars"]
[Black "Schneider, Waldemar"]
[Result "0-1"]
[WhiteElo "1704"]
[BlackElo "1818"]
[PlyCount "74"]
[EventDate "2016.11.19"]
[EventType "swiss"]
[EventRounds "11"]
[EventCountry "CZE"]
[SourceTitle "CBM 175 Extra"]
[Source "ChessBase"]
[SourceDate "2016.12.12"]
[SourceVersion "1"]
[SourceVersionDate "2016.12.12"]
[SourceQuality "1"]

1. d4 d5 2. Nf3 Nf6 3. e3 e6 4. Bd3 c5 5. b3 Nc6 6. Bb2 Bd7 7. Nbd2 Rc8 8. a3 cxd4 9. exd4 Bd6 10. 0-0 0-0 11. Ne5 Be8 12. f4 Qb6 13. Ndf3 h6 14. Kh1 a5 15. c4 dxc4 16. Nxc4 Qd8 17. Nxd6 Qxd6 18. Ne5 Nd5 19. Qe1 b6 20. Rd1 Nce7 21. Nc4 Qd8 22. f5 exf5 23. Bxf5 Bd7 24. Bb1 Rc6 25. Ne5 Re6 26. Bf5 Nxf5 27. Rxf5 f6 28. Qg3 fxe5 29. Rxe5 Qf6 30. h3 Qf4 31. Qe1 Rg6 32. Bc1 Qf7 33. Qh4 Bc6 34. Rde1 Nc3 35. Re7 Bxg2+ 36. Kh2 Qf5 37. Rg1 Qc2 0-1

[Event "Wch Seniors 50 26th"]
[Site "Marianske Lazne"]
[Date "2016.11.21"]
[Round "3"]
[White "Petersons, Ojars"]
[Black "Paldus, Petr"]
[Result "0-1"]
[WhiteElo "1704"]
[BlackElo "2031"]
[PlyCount "104"]
[EventDate "2016.11.19"]
[EventType "swiss"]
[EventRounds "11"]
[EventCountry "CZE"]
[SourceTitle "CBM 175 Extra"]
[Source "ChessBase"]
[SourceDate "2016.12.12"]
[SourceVersion "1"]
[SourceVersionDate "2016.12.12"]
[SourceQuality "1"]

1. e4 e5 2. c4 Nf6 3. Nc3 Nc6 4. d3 Bc5 5. h3 Nd4 6. Nf3 d6 7. Be3 c6 8. a3 a6 9. b4 Bb6 10. Na4 Nxf3+ 11. Qxf3 Bc7 12. Nc3 Be6 13. Bg5 h6 14. Bxf6 Qxf6 15. Qxf6 gxf6 16. g4 h5 17. f3 hxg4 18. fxg4 Bxg4 19. Bg2 Be6 20. Kd2 Ke7 21. Raf1 Rag8 22. Rf2 Rh4 23. Bf1 Bb6 24. c5 dxc5 25. Na4 Ba7 26. Nxc5 a5 27. Rfh2 axb4 28. axb4 Bxc5 29. bxc5 Ra8 30. Ke3 Ra5 31. Rb2 Rb5 32. Rxb5 cxb5 33. Rh2 b4 34. Rb2 b3 35. Kd2 Kd7 36. Kc3 Kc6 37. Be2 Rxh3 38. Bd1 f5 39. exf5 Bxf5 40. Bxb3 Rxd3+ 41. Kb4 Rd4+ 42. Ka3 Kxc5 43. Bxf7 b5 44. Rf2 b4+ 45. Kb2 Rf4 46. Re2 Be4 47. Bg8 Rg4 48. Re1 Rg2+ 49. Ka1 Kd4 50. Be6 Bd3 51. Bh3 Rf2 52. Bd7 b3 0-1

[Event "Reykjavik op"]
[Site "Reykjavik"]
[Date "2016.03.16"]
[Round "10"]
[White "Sigurvaldason, Hjalmar"]
[Black "Petersons, Ojars"]
[Result "1/2-1/2"]
[WhiteElo "1426"]
[BlackElo "1791"]
[PlyCount "63"]
[EventDate "2016.03.08"]
[EventType "swiss"]
[EventRounds "10"]
[EventCountry "ISL"]
[SourceTitle "CBM 171 Extra"]
[Source "ChessBase"]
[SourceDate "2016.04.26"]
[SourceVersion "1"]
[SourceVersionDate "2016.04.26"]
[SourceQuality "1"]

1. d4 f5 2. Bg5 Nf6 3. Bxf6 exf6 4. e3 d5 5. c4 c6 6. Nc3 Be6 7. cxd5 Bxd5 8. Nxd5 Qxd5 9. Ne2 Bb4+ 10. Nc3 Nd7 11. Qb3 Qxb3 12. axb3 Nb6 13. Bc4 Ke7 14. 0-0-0 Bxc3 15. bxc3 Nxc4 16. bxc4 Rhc8 17. Kd2 c5 18. Kd3 Rc7 19. d5 Kd6 20. f4 Re8 21. Ra1 b6 22. h4 h5 23. Ra2 Re4 24. Rh3 a5 25. Rg3 Ra7 26. Ra1 Ree7 27. Rf3 Re4 28. Rg3 Rd7 29. Rb1 Kc7 30. Rf3 Rd6 31. Rg3 Re7 32. Rf3 1/2-1/2

[Event "Reykjavik op"]
[Site "Reykjavik"]
[Date "2016.03.11"]
[Round "5"]
[White "Petersons, Ojars"]
[Black "Tan, Teck Woon"]
[Result "1-0"]
[WhiteElo "1791"]
[BlackElo "1488"]
[PlyCount "49"]
[EventDate "2016.03.08"]
[EventType "swiss"]
[EventRounds "10"]
[EventCountry "ISL"]
[SourceTitle "CBM 171 Extra"]
[Source "ChessBase"]
[SourceDate "2016.04.26"]
[SourceVersion "1"]
[SourceVersionDate "2016.04.26"]
[SourceQuality "1"]

1. d4 Nf6 2. Nf3 e6 3. e3 b6 4. Bd3 Bb7 5. Nbd2 c5 6. b3 Be7 7. Bb2 d5 8. 0-0 0-0 9. Ne5 Ne4 10. Nxe4 dxe4 11. Bc4 Nd7 12. Nxd7 Qxd7 13. Qg4 f5 14. Qe2 Bd5 15. dxc5 Bxc4 16. Qxc4 Bxc5 17. Rad1 Qe7 18. a3 Rac8 19. Qb5 Rfd8 20. b4 Bd6 21. c4 Qc7 22. g3 Be7 23. Be5 Qxc4 24. Rxd8+ Bxd8 25. Qe8# 1-0

[Event "Bad Woerishofen op 31st"]
[Site "Bad Woerishofen"]
[Date "2015.03.05"]
[Round "7"]
[White "Petersons, Ojars"]
[Black "Koch, Till"]
[Result "1-0"]
[WhiteElo "1760"]
[BlackElo "1889"]
[PlyCount "59"]
[EventDate "2015.02.27"]
[EventType "swiss"]
[EventRounds "9"]
[EventCountry "GER"]
[SourceTitle "CBM 165 Extra"]
[Source "ChessBase"]
[SourceDate "2015.04.21"]
[SourceVersion "1"]
[SourceVersionDate "2015.04.21"]
[SourceQuality "1"]

1. d4 Nf6 2. Nf3 e6 3. e3 c5 4. Bd3 Nc6 5. b3 cxd4 6. exd4 d5 7. 0-0 Bd6 8. Bb2 0-0 9. Ne5 Qb6 10. Nxc6 Qxc6 11. Nd2 Re8 12. Qe2 Qc7 13. Nf3 a6 14. Ne5 Bf8 15. f4 g6 16. Rf3 Bg7 17. Raf1 Nd7 18. Rh3 f5 19. Rg3 Nxe5 20. fxe5 b5 21. h4 Qf7 22. h5 Bf8 23. hxg6 hxg6 24. Qh5 Kg7 25. Bc1 Ra7 26. Qh6+ Kg8 27. Rxg6+ Bg7 28. Rf3 Qe7 29. Rh3 Kf8 30. Rf6+ 1-0